Sách tập viết mới dành cho trung học, tập 1

Gorde:
Xehetasun bibliografikoak
Formatua: Liburua
Etiketak: Etiketa erantsi
Etiketarik gabe, Izan zaitez lehena erregistro honi etiketa jartzen!
Thư viện lưu trữ: Mạng thư viện Đại học Đà Nẵng
LEADER 00427nam a22001691a 4500
001 000039580
003 15875
005 20160412022620.0
008 160412s0 000
082 |a 4N(TK)181 
245 |a Sách tập viết mới dành cho trung học, tập 1 
OWN |a LNN 
999 |a From the UDN01 
TYP |a Monograph 
980 |a Mạng thư viện Đại học Đà Nẵng